00480nam a22001457a 4500020000800000040001600008082001800024100003000042245005000072260005400122300002700176942001200203999001900215952010000234 qHB. cFIZZA ISHAQ a346.7307bLEE aLeete , Burt A.9134440 aBusiness Law Text and Cases /c Burt A Leete. aNew York:bMacmillan Publishing Company ,c1978. axvii ; 949 p. ;c26 cm 2ddccBK c617437d617437 00102ddc4070aNQCbNQCcREFd2026-05-13l0o346.7307 LEEpQD-214r2026-05-13w2026-05-13yBK